000
00301nam a2200133Ia 4500
100
_a
Honeycutt/Jerry
942
_c
BK
654
_a
microsoft
245
_a
Introducing Microsoft windows server 2003
260
_b
Prentice Hall
_c
2003
082
_a
5.133
_b
HON
300
_a
421
546
_a
ENGLISH
999
_c
28398
_d
28398